000
00314nam a2200121Ia 4500
005
20260328104258.0
008
260328s9999||||xx |||||||||||||| ||und||
100
_a
Arosemena, Justo
245
0
_a
Justo Arosemena :
_b
Vivan los creadores /
_c
Justo Arosemena
260
_b
Educame
650
_a
PANAMÁ
942
_c
BK
999
_c
10500
_d
10500